Analogue-based drug discovery II

Gespeichert in:
Bibliographische Detailangaben
Weitere Verfasser: Fisher, János (Ed.), Ganellin, C.R. (C.Robin) (Ed.)
Format: Buch
Sprache:Englisch
Veröffentlicht: Weinheim Wiley-VCH 2010
Schlagworte:
Online-Zugang:Im OPAC anzeigen
Tags: Tag hinzufügen
Keine Tags, Fügen Sie das erste Tag hinzu!

MARC

LEADER 00000nam a2200000 a 4500
005 20260127134406.0
008 130613 2013 000 0 eng d
020 |a 9783527325498 
035 |a vtls010519401 
039 9 |y 201306131016  |z mschk03 
040 |a STUSCHK1  |b slo  |c STUSCHK1  |e AACR2 
080 |a 615.19  |2 22 
245 1 |a Analogue-based drug discovery II  |c edited by Janos Fischer and C. Robin Ganellin. 
260 |a Weinheim  |b Wiley-VCH  |c 2010 
300 |a v- xxvi, 538 p.  |b ill.  |c 25 cm. 
650 0 |a Drug development. 
700 1 |a Fisher, János  |4 Ed. 
700 1 |a Ganellin, C.R.  |4 Ed.  |q (C.Robin) 
910 |a SCHK95 
919 |a 978-3-527-32549-8 
999 |c 11608  |d 11608